00473 a2200157 4500003000500000005001700005040000900022082001400031100002000045245005000065260002700115300001600142505009400158538002900252650003400281Nust20170207154117.0 cNust a621.38132 aT. K. Hemingway aCircuit Consultants casebookcT. K. Hemingway aLondonbTAB BOOKc1970 axiii: 210 p aPart One: Avoiding Design Faults (Page-3), Part Two: Meeting a Specification (Page-101), aAlmirah No.34 Shelf No.1 aTelecommunication engineering